Cirugía de urgencia / (Record no. 28017)

MARC details
000 -LEADER
campo de control de longitud fija 00694nam a2200193 i 4500
001 - NÚMERO DE CONTROL
campo de control 28017
003 - IDENTIFICADOR DE NÚMERO DE CONTROL
campo de control ES-MaACL
005 - FECHA Y HORA DE LA ÚLTIMA TRANSACCIÓN
campo de control 20230906153739.0
007 - CAMPO FIJO DE DESCRIPCIÓN FÍSICA--INFORMACIÓN GENERAL
campo de control de longitud fija t|
008 - DATOS DE LONGITUD FIJA--INFORMACIÓN GENERAL
campo de control de longitud fija 030116s1948 ag ||||1| spa d
100 1# - ENTRADA PRINCIPAL--NOMBRE DE PERSONA
Nombre de persona Bailey, Hamilton.
9 (RLIN) 24693
245 10 - MENCIÓN DEL TÍTULO
Título Cirugía de urgencia /
Mención de responsabilidad, etc. por Hamilton Bailey... ; traducción de la 5ª edición inglesa por Mario Pittaluga y Emilio Rodrigué.
260 ## - PUBLICACIÓN, DISTRIBUCIÓN, ETC.
Lugar de publicación, distribución, etc. Buenos Aires :
Nombre del editor, distribuidor, etc. Emecé,
Fecha de publicación, distribución, etc. [1948] (
Fabricante Talls. Gráfs. Sebastián de Amorrortu e Hijos)
300 ## - DESCRIPCIÓN FÍSICA
Extensión XV, 1070 p. :
Otras características físicas il. ;
Dimensiones 24 cm.
700 1# - ENTRADA AGREGADA--NOMBRE PERSONAL
Nombre de persona Pittaluga, Mario.
9 (RLIN) 92427
700 1# - ENTRADA AGREGADA--NOMBRE PERSONAL
Nombre de persona Rodrigué, Emilio.
9 (RLIN) 98191
852 ## - LOCALIZACIÓN
Ubicación ES-MaACL
Número de control de estantería E-1640
Sublocalización o colección R.27151
852 ## - LOCALIZACIÓN
Ubicación ES-MaACL
Número de control de estantería E-1545
Sublocalización o colección R.29168
Holdings
Estatus retirado Estado de pérdida Estado de daño No para préstamo Biblioteca de origen Biblioteca actual Ubicación en estantería Fecha de adquisición Fuente de adquisición Total de préstamos Signatura topográfica completa Código de barras Visto por última vez Precio de reemplazo Tipo de ítem Koha
        Biblioteca del Ateneo de Madrid Biblioteca del Ateneo de Madrid Depósito 2 17/01/2008     E-1545 1028927 23/02/2023 23/02/2023 Libro impreso
        Biblioteca del Ateneo de Madrid Biblioteca del Ateneo de Madrid Depósito 2 17/01/2008     E-1640 1028926 23/02/2023 23/02/2023 Libro impreso